01126 2200337 4500001002100000005001500021035002000036007000300056008004100059020002200100040002200122082001500144084001700159090002200176100003100198245018700229250003200416300004700448650002300495850001200518504003200530264003200562336002100594337003000615338002300645999002200668700003100690700002300721990002200744990002200766INLIS00000000086830420220224112819 a0010-0222000771ta220222s2021 yoia g 1 ind d a978-623-02-2498-0 aYOPDYOGbinderda04223a371.33 a371.33 HAM d aCB-D.11 2021-18391 aHamzah Fansury, Mepenulis10aDeveloping mobile english application as teaching media :bpengembangan aplikasi bahasa Inggris sebagai media pembelajaran /cpenulis, M. Hamzah Fansury, Muh. Asfah Rahman, Baso Jabu aCetakan pertama, Maret 2021 axii, 124 halaman :bgambar, tabel ;c20 cm 4aMedia pembelajaran aYOPDYOG aBibliografi halaman 118-12331aSleman :bDeepublish,c2021 2rdacontentateks 2rdamediaatanpa perantara 2rdacarrieravolume aCB-D.11/2021-18900 aMuh. Asfah Rahmanepenulis0 aBaso Jabuepenulis aCB-D.11/2021-1839 aCB-D.11/2021-1839